000 00471cam a2200205 4500
001 D3388
008 090401t1977 xxu||||| |||| 00| 0 eng d
035 _a(Sirsi) u73092
041 _aeng
050 _a692.2
100 _aElder, A.J.
245 _aGuide to the Building Regulations 1976
250 _a5th
260 _aLondon
_bArchitectural Press
_c1977
300 _a205p. 30cm
350 _a5.75
520 _aShelf 311
942 _n0
948 _c04/03/1997
999 _c95553
_d95553